[Event "2nd President's Cup"]
[Site "Baku AZE"]
[Date "2007.05.03"]
[Round "1"]
[White "Short,N"]
[Black "Djabbarov,E"]
[Result "1-0"]
[WhiteElo "2691"]
[BlackElo "2174"]
[EventDate "2007.05.03"]

1. e4 e5 2. Nf3 Nc6 3. Bb5 a6 4. Ba4 Nf6 5. O-O Be7 6. Qe2 b5 7. Bb3 d6 8.
c3 O-O 9. Rd1 Na5 10. Bc2 c5 11. d4 Qc7 12. d5 Bd7 13. Nbd2 Rfe8 14. Nf1
Bf8 15. Bg5 Qd8 16. b3 g6 17. h3 h6 18. Be3 Bg7 19. Ng3 Kh7 20. a4 Qc7 21.
axb5 axb5 22. Nd2 Ng8 23. Ra2 Nb7 24. Rda1 Rxa2 25. Rxa2 Ne7 26. Bd3 f5 27.
exf5 gxf5 28. Nh5 Nxd5 29. Qg4 Be6 30. Bxf5+ Bxf5 31. Qxf5+ Kh8 32. Qg6 1-0

[Event "2nd President's Cup"]
[Site "Baku AZE"]
[Date "2007.05.03"]
[Round "1"]
[White "Van Wely,L"]
[Black "Jafarli,A"]
[Result "1-0"]
[WhiteElo "2674"]
[BlackElo "2164"]
[EventDate "2007.05.03"]

1. d4 Nf6 2. c4 g6 3. Nc3 Bg7 4. e4 d6 5. Nf3 O-O 6. Be2 e5 7. Be3 Nc6 8.
d5 Ne7 9. Nd2 Nd7 10. Qc2 f5 11. f3 Nf6 12. O-O-O fxe4 13. fxe4 Ng4 14.
Bxg4 Bxg4 15. Rdf1 c6 16. Rxf8+ Bxf8 17. Qb3 cxd5 18. cxd5 b6 19. Nc4 Nc8
20. Rf1 Bd7 21. a4 Kg7 22. Qc2 Be7 23. Qf2 Qe8 24. b3 Rb8 25. Qg3 Rb7 26.
Kd2 Qd8 27. Qf2 Qe8 28. h4 h6 29. Kc2 h5 30. Bg5 Bg4 31. Bf6+ Kh7 32. Ne3
Bd7 33. Bxe7 Qxe7 34. Qf8 Qxf8 35. Rxf8 Kg7 36. Rd8 Kf7 37. Nc4 a6 38. Rxc8
Bxc8 39. Nxd6+ Ke7 40. Nxb7 Bxb7 41. Nd1 Kd6 42. Nb2 b5 43. axb5 axb5 44.
Kc3 Bc8 45. Kb4 Bd7 46. Nd1 Bg4 47. Nc3 1-0

[Event "2nd President's Cup"]
[Site "Baku AZE"]
[Date "2007.05.03"]
[Round "1"]
[White "Sadvakasov,D"]
[Black "Baladjaev,G"]
[Result "1-0"]
[WhiteElo "2618"]
[BlackElo "2158"]
[EventDate "2007.05.03"]

1. e4 c5 2. Nf3 d6 3. d4 cxd4 4. Nxd4 Nf6 5. Nc3 a6 6. Be3 e6 7. g4 h6 8.
Bg2 Nc6 9. h3 Qc7 10. f4 Bd7 11. Qe2 Na5 12. O-O-O Nc4 13. Rhe1 Rc8 14. Rd3
b5 15. Bg1 b4 16. Nd5 Qa5 17. Kb1 exd5 18. exd5+ Kd8 19. Nc6+ Bxc6 20. dxc6
Kc7 21. Qf2 Qb6 22. Qg3 Qa5 23. g5 b3 24. axb3 Nh5 25. Qf2 Nb6 26. b4 Qb5
27. Re5 d5 28. Rexd5 Nxd5 29. Rxd5 Qxc6 30. Qa7+ 1-0

[Event "2nd President's Cup"]
[Site "Baku AZE"]
[Date "2007.05.03"]
[Round "1"]
[White "Isgandarova,K"]
[Black "Balogh,C"]
[Result "0-1"]
[WhiteElo "2155"]
[BlackElo "2617"]
[EventDate "2007.05.03"]

1. e4 c5 2. Nf3 d6 3. d4 cxd4 4. Nxd4 Nf6 5. Nc3 Nc6 6. Be2 e5 7. Nb3 Be7
8. O-O O-O 9. f4 a5 10. Be3 a4 11. Nd2 exf4 12. Rxf4 d5 13. exd5 Nb4 14.
Nc4 Nbxd5 15. Nxd5 Nxd5 16. Rd4 Be6 17. Rd3 b5 18. Ne5 Bf6 19. Bf3 Nxe3 20.
Rxd8 Raxd8 21. Qe2 Bxe5 22. c3 Nc4 23. b3 Bxc3 24. Rc1 Bd2 25. Rd1 axb3 26.
axb3 Be3+ 27. Kh1 Rxd1+ 28. Qxd1 Nd2 29. Qe2 Rc8 0-1

[Event "2nd President's Cup"]
[Site "Baku AZE"]
[Date "2007.05.03"]
[Round "1"]
[White "Fedorov,Alex"]
[Black "Aliyev,E"]
[Result "1-0"]
[WhiteElo "2611"]
[BlackElo "2151"]
[EventDate "2007.05.03"]

1. e4 c5 2. Nc3 a6 3. g3 b5 4. Bg2 Bb7 5. f4 e6 6. d3 Nf6 7. Nf3 d5 8. e5
Nfd7 9. O-O Nc6 10. f5 Ndxe5 11. fxe6 f6 12. Nxe5 Nxe5 13. Bf4 Ng6 14. Qh5
Be7 15. Nxd5 O-O 16. Bc7 Qc8 17. Nxe7+ Nxe7 18. Bxb7 Qxb7 19. Bd6 Rac8 20.
Rae1 Qa7 21. Rf4 Rc6 22. Rh4 h6 23. Bf4 c4+ 24. Be3 Qc7 25. Bxh6 g6 26. Rg4
g5 27. Bxg5 f5 1-0

[Event "2nd President's Cup"]
[Site "Baku AZE"]
[Date "2007.05.03"]
[Round "1"]
[White "Rahmanov,S"]
[Black "Gelashvili,T"]
[Result "0-1"]
[WhiteElo "2148"]
[BlackElo "2605"]
[EventDate "2007.05.03"]

1. d4 Nf6 2. c4 e6 3. Nc3 Bb4 4. e3 c5 5. Bd3 Nc6 6. Nge2 cxd4 7. exd4 d5
8. O-O dxc4 9. Bxc4 O-O 10. Bg5 Be7 11. Qd2 b6 12. Rfd1 Bb7 13. Rac1 Rc8
14. Ng3 Nd5 15. Bxe7 Ncxe7 16. Nxd5 Nxd5 17. Ne2 Nf6 18. Bb3 Qd7 19. Rxc8
Rxc8 20. Rc1 Rxc1+ 21. Qxc1 h6 22. f3 Bd5 23. Bxd5 Nxd5 24. Qc4 Ne3 25. Qd3
Nf5 26. Kf2 Qd6 27. g3 g6 28. Qc4 h5 29. Qa4 Qc7 30. Qb3 h4 31. Qc3 Qd8 32.
Qd3 Qd5 33. g4 Ne7 34. Nc3 Qd6 35. Kg2 Nc6 36. Ne2 e5 37. d5 Nb4 38. Qa3 a5
39. Nc3 Qc5 40. Qa4 Nd3 41. Ne4 Nf4+ 42. Kf1 Qc1+ 43. Kf2 Qxb2+ 0-1

[Event "2nd President's Cup"]
[Site "Baku AZE"]
[Date "2007.05.03"]
[Round "1"]
[White "Guseinov,G"]
[Black "Idrisov,T"]
[Result "1-0"]
[WhiteElo "2586"]
[BlackElo "2127"]
[EventDate "2007.05.03"]

1. e4 c5 2. Nc3 d6 3. Nf3 Nf6 4. d4 cxd4 5. Nxd4 a6 6. Bg5 e6 7. f4 Be7 8.
Qf3 Qc7 9. O-O-O Nbd7 10. g4 h6 11. Bh4 g5 12. e5 dxe5 13. fxg5 hxg5 14.
Bg3 Qb6 15. Nb3 Qc6 16. Qe2 Qxh1 17. Bg2 Qxd1+ 18. Nxd1 Nd5 19. Bxd5 exd5
20. Ne3 f6 21. Nxd5 Bd8 22. Nd4 Kf7 23. Nf5 Nb6 24. Nd6+ Ke6 25. Nxb6 Bxb6
26. Nc4 Bc7 27. Ne3 b5 28. Qf3 Bd7 29. Qf5+ Ke7 30. Nd5+ Kd6 31. Qd3 Be6
32. Nxf6+ Ke7 33. Ne4 Rhd8 34. Qe3 Bd5 1-0

[Event "2nd President's Cup"]
[Site "Baku AZE"]
[Date "2007.05.03"]
[Round "1"]
[White "Allahverdiev,E"]
[Black "Mamedov,Rau"]
[Result "0-1"]
[WhiteElo "2124"]
[BlackElo "2584"]
[EventDate "2007.05.03"]

1. Nf3 c5 2. c4 Nf6 3. Nc3 g6 4. g3 Bg7 5. Bg2 O-O 6. O-O d5 7. cxd5 Nxd5
8. a3 Nc6 9. e3 Nb6 10. b3 Be6 11. Ng5 Bf5 12. Bxc6 bxc6 13. e4 Bc8 14. Bb2
h6 15. Nf3 Bg4 16. Qe2 c4 17. b4 Qd3 18. Qxd3 cxd3 19. Kg2 Nc4 20. Ra2
Bxf3+ 21. Kxf3 Nxd2+ 22. Kg2 Nxf1 23. Kxf1 a5 24. bxa5 Rfb8 0-1

[Event "2nd President's Cup"]
[Site "Baku AZE"]
[Date "2007.05.03"]
[Round "1"]
[White "Rustemov,A"]
[Black "Talishzadah,O"]
[Result "1-0"]
[WhiteElo "2557"]
[BlackElo "2114"]
[EventDate "2007.05.03"]

1. d4 d5 2. c4 c6 3. Nc3 Nf6 4. e3 a6 5. Nf3 b5 6. c5 g6 7. Qb3 a5 8. Ne5
a4 9. Qd1 Bg7 10. Be2 O-O 11. O-O Nfd7 12. Nf3 e5 13. Bd2 Bb7 14. b3 axb3
15. Qxb3 Na6 16. Rab1 Qc7 17. Rfc1 Rfb8 18. a4 bxa4 19. Nxa4 e4 20. Ne1 Bc8
21. Nb6 Nxb6 22. cxb6 Qd7 23. Qc2 Bb7 24. Ra1 Rc8 25. Bxa6 Bxa6 26. Bb4 Bf8
27. Bxf8 Kxf8 28. Qc5+ Kg8 29. h3 Qb7 30. Nc2 Rcb8 31. Nb4 Qxb6 32. Nxc6
Qxc5 33. Rxc5 Re8 34. Rxd5 Bb7 35. Rxa8 Rxa8 36. Rc5 Bxc6 37. Rxc6 Kf8 38.
g4 Ke7 39. Rc5 Kf6 40. Re5 Rd8 41. Kg2 1-0

[Event "2nd President's Cup"]
[Site "Baku AZE"]
[Date "2007.05.03"]
[Round "1"]
[White "Ojagverdiyev,Z"]
[Black "Shanava,K"]
[Result "0-1"]
[WhiteElo "2095"]
[BlackElo "2532"]
[EventDate "2007.05.03"]

1. e4 c5 2. Nf3 d6 3. d4 cxd4 4. Nxd4 Nf6 5. Nc3 g6 6. Bc4 Bg7 7. Bb3 a6 8.
f3 b5 9. Be3 Bb7 10. Qd2 Nbd7 11. a3 Rc8 12. O-O-O Ne5 13. Bh6 Bxh6 14.
Qxh6 Qb6 15. Rhe1 Nc4 16. Nd5 Bxd5 17. exd5 Nxd5 18. Qg5 Rc5 19. Nf5 gxf5
20. Rxd5 e6 21. Bxc4 bxc4 22. Rxf5 Qa5 23. Rxe6+ fxe6 24. Qh5+ Kd8 0-1

[Event "2nd President's Cup"]
[Site "Baku AZE"]
[Date "2007.05.03"]
[Round "1"]
[White "Allajov,R"]
[Black "Miezis,N"]
[Result "1-0"]
[WhiteElo "2093"]
[BlackElo "2521"]
[EventDate "2007.05.03"]

1. d4 Nf6 2. Nf3 e6 3. g3 b5 4. Bg2 Bb7 5. O-O c5 6. c3 Na6 7. Bf4 Be7 8.
a4 b4 9. dxc5 Bxc5 10. cxb4 Nxb4 11. Na3 Nbd5 12. Be5 d6 13. Bd4 Bb6 14. e4
Nxe4 15. Bxg7 Rg8 16. Bd4 h5 17. Re1 f5 18. Nc4 Bxd4 19. Nxd4 Nf4 20. Nxf5
exf5 21. Nxd6+ Kf8 22. Nxb7 Qxd1 23. Raxd1 Nxg2 24. Kxg2 Rb8 25. Rd5 Rg6
26. Rxf5+ Rf6 27. Rxf6+ Nxf6 28. Nc5 Rxb2 29. Re6 Ng4 30. Ne4 a5 31. h3
Ne3+ 32. Kf3 Nc4 33. Kf4 Ra2 34. Kf5 Rxa4 35. Kg6 1-0

[Event "2nd President's Cup"]
[Site "Baku AZE"]
[Date "2007.05.03"]
[Round "1"]
[White "Ahmadov,V"]
[Black "Zubarev,Al1"]
[Result "0-1"]
[WhiteElo "2079"]
[BlackElo "2511"]
[EventDate "2007.05.03"]

1. c4 e5 2. Nc3 Nf6 3. g3 Bb4 4. Bg2 O-O 5. Nf3 Re8 6. O-O e4 7. Nd4 Bxc3
8. bxc3 c5 9. Nb3 b6 10. d4 d6 11. Qc2 Bf5 12. Bg5 h6 13. Bxf6 Qxf6 14. e3
Nd7 15. Nd2 Qe6 16. d5 Qg6 17. h3 h5 18. Kh2 Ne5 19. Qd1 Re7 20. a4 Kh7 21.
Qe2 a6 22. Ra2 Rb8 23. Rb2 a5 24. Rfb1 Nd7 25. Rh1 Qg5 26. Rf1 h4 27. g4
Bg6 28. Kh1 f5 29. gxf5 Bxf5 30. f4 exf3 31. Qxf3 Bd3 32. Qf4 Qxf4 33. Rxf4
g5 34. Be4+ Kh6 35. Rg4 Ne5 36. Bxd3 Nxd3 37. Rb1 Nf2+ 38. Kg2 Nxg4 39.
hxg4 Rxe3 40. Kf2 Rg3 41. Re1 Rf8+ 0-1

[Event "2nd President's Cup"]
[Site "Baku AZE"]
[Date "2007.05.03"]
[Round "1"]
[White "Babaev,Ra"]
[Black "Alieva,E"]
[Result "1/2-1/2"]
[WhiteElo "2510"]
[BlackElo "2076"]
[EventDate "2007.05.03"]

1. e4 d6 2. d4 Nf6 3. Nc3 c6 4. a4 Qa5 5. Bd3 e5 6. Nge2 Be7 7. O-O O-O 8.
Bd2 Qc7 9. a5 Nbd7 10. h3 exd4 11. Nxd4 Nc5 12. Qf3 Nxd3 13. cxd3 Be6 14.
Nf5 Bxf5 15. Qxf5 Qd7 16. Qf3 Ne8 17. Ne2 f5 18. Qg3 Nf6 19. Bc3 fxe4 20.
dxe4 d5 21. Rad1 Bd6 22. e5 Ne4 23. Qd3 Nxc3 24. Qxc3 Bxe5 25. Qxe5 Rae8
26. Qd4 Rxe2 27. Qxa7 Qf5 28. b4 Qc2 29. Rc1 1/2-1/2

[Event "2nd President's Cup"]
[Site "Baku AZE"]
[Date "2007.05.03"]
[Round "1"]
[White "Samavat,M"]
[Black "Abbasov,F"]
[Result "0-1"]
[WhiteElo "2066"]
[BlackElo "2509"]
[EventDate "2007.05.03"]

1. d4 d5 2. Bg5 c6 3. e3 Qb6 4. Qc1 Bf5 5. Nf3 e6 6. c4 Nd7 7. Nc3 h6 8.
Bh4 Ngf6 9. c5 Qc7 10. Bg3 Qc8 11. h3 Be7 12. Be2 O-O 13. b4 b6 14. Nd2 a5
15. a3 Qb7 16. O-O axb4 17. axb4 Rxa1 18. Qxa1 Ra8 19. Qc1 bxc5 20. bxc5
Qb4 21. Rd1 Bd8 22. Ndb1 Ra1 23. Bd3 Bxd3 24. Rxd3 Ne4 25. Kh2 Nxc3 26.
Rxc3 Ba5 27. Ra3 Rxb1 28. Qxb1 Qxb1 29. Rxa5 Qb7 30. Bd6 Kh7 0-1

[Event "2nd President's Cup"]
[Site "Baku AZE"]
[Date "2007.05.03"]
[Round "1"]
[White "Namazov,F"]
[Black "Gasanov,E"]
[Result "1/2-1/2"]
[WhiteElo "2058"]
[BlackElo "2486"]
[EventDate "2007.05.03"]

1. d4 Nf6 2. c4 e6 3. Nf3 b6 4. g3 Ba6 5. b3 Bb7 6. Bg2 Bb4+ 7. Bd2 a5 8.
O-O O-O 9. Nc3 d5 10. Qc2 Nbd7 11. Rfd1 Re8 12. Bf4 Rc8 13. Nb5 dxc4 14.
bxc4 Be4 15. Qb2 c6 16. Nd6 Bxd6 17. Bxd6 b5 18. c5 Nb6 19. Nd2 Na4 20. Qb3
Bd5 21. Qc2 Bxg2 22. Kxg2 Nd5 23. e4 Ndc3 24. Re1 Qf6 25. Be5 Qg6 26. Qb3
f5 1/2-1/2

[Event "2nd President's Cup"]
[Site "Baku AZE"]
[Date "2007.05.03"]
[Round "1"]
[White "Abdulllaev,S"]
[Black "Guliev,L"]
[Result "0-1"]
[WhiteElo "2051"]
[BlackElo "2466"]
[EventDate "2007.05.03"]

1. e4 c5 2. Nf3 d6 3. d4 cxd4 4. Nxd4 Nf6 5. Nc3 Nc6 6. Be2 e5 7. Nb3 Be7
8. O-O O-O 9. Be3 Be6 10. Qd2 a5 11. a4 Nb4 12. Rad1 Ng4 13. Bxg4 Bxg4 14.
f3 Be6 15. Nd5 Nxd5 16. exd5 Bd7 17. Qf2 Qc8 18. Bb6 Bd8 19. Bxd8 Rxd8 20.
f4 e4 21. f5 Re8 22. f6 e3 23. Qg3 g6 24. Qf4 Re5 25. Rde1 g5 26. Qf3 Bg4
27. Qg3 e2 28. Rf2 Qc4 29. h3 Bh5 30. Nd2 Qxc2 31. Nf3 Bxf3 32. gxf3 Rae8
33. f4 Rxd5 34. Rg2 h6 35. h4 Rd1 36. hxg5 Rxe1+ 37. Qxe1 Qd1 38. gxh6+ Kh8
39. Kf2 Qd4+ 40. Kg3 Rg8+ 41. Kh2 Qxf4+ 42. Kg1 Rxg2+ 43. Kxg2 Qf1+ 44.
Qxf1 exf1=Q+ 45. Kxf1 0-1

[Event "2nd President's Cup"]
[Site "Baku AZE"]
[Date "2007.05.03"]
[Round "1"]
[White "Rzayeva,L"]
[Black "Dovliatov,S"]
[Result "0-1"]
[WhiteElo "2011"]
[BlackElo "2438"]
[EventDate "2007.05.03"]

1. d4 f5 2. c4 Nf6 3. Nc3 g6 4. g3 Bg7 5. Bg2 O-O 6. Nh3 d6 7. O-O Nc6 8.
e3 e5 9. d5 Ne7 10. Rb1 h6 11. Kh1 g5 12. Ng1 Ng6 13. f4 gxf4 14. gxf4 Kh8
15. Bf3 Rg8 16. Qe1 e4 17. Be2 Nd7 18. b4 a5 19. a3 Nb6 20. Bb2 axb4 21.
axb4 Qe7 22. Nh3 Nh4 23. Qf2 Nf3 0-1

[Event "2nd President's Cup"]
[Site "Baku AZE"]
[Date "2007.05.04"]
[Round "2"]
[White "Reizniece,D"]
[Black "Van Wely,L"]
[Result "0-1"]
[WhiteElo "2338"]
[BlackElo "2674"]
[EventDate "2007.05.03"]

1. c4 Nf6 2. Nc3 e5 3. g3 Bb4 4. Qc2 O-O 5. Bg2 Nc6 6. Nf3 Re8 7. a3 Bxc3
8. bxc3 e4 9. Ng5 Qe7 10. O-O h6 11. Nh3 Ne5 12. Nf4 Nxc4 13. d3 exd3 14.
exd3 Ne5 15. c4 c5 16. Bb2 d6 17. d4 cxd4 18. Bxd4 Bg4 19. Qb3 g5 20. Nd5
Nxd5 21. Bxd5 Qf6 22. Bb2 Qg6 23. c5 Rad8 24. f4 gxf4 25. Rxf4 Be6 26. Raf1
Bxd5 27. Qxd5 dxc5 28. Qb3 c4 29. Qxb7 Rb8 30. Qg2 Nd3 31. Rf6 Qh5 32. Bd4
Re2 33. Qh1 c3 34. R6f5 Qxf5 35. Qc6 Qe4 0-1

[Event "2nd President's Cup"]
[Site "Baku AZE"]
[Date "2007.05.04"]
[Round "2"]
[White "Batsiashvili,N"]
[Black "Sadvakasov,D"]
[Result "1/2-1/2"]
[WhiteElo "2317"]
[BlackElo "2618"]
[EventDate "2007.05.03"]

1. d4 Nf6 2. c4 c5 3. d5 e6 4. Nc3 exd5 5. cxd5 d6 6. e4 g6 7. f4 Bg7 8.
Bb5+ Nfd7 9. a4 O-O 10. Nf3 Na6 11. O-O Nc7 12. Bxd7 Bxd7 13. f5 Na6 14.
Bg5 f6 15. Bf4 Qb6 16. fxg6 hxg6 17. Qd2 Nb4 18. Kh1 Rac8 19. Rae1 c4 20.
Nb5 Nd3 21. Nxd6 Nxe1 22. Rxe1 Rcd8 23. Nxc4 Qb3 24. Na5 Qxa4 25. Nxb7 Rc8
26. Nd4 g5 27. Bd6 Rc4 28. Nc5 Rxd4 29. Qe3 Rxe4 1/2-1/2

[Event "2nd President's Cup"]
[Site "Baku AZE"]
[Date "2007.05.04"]
[Round "2"]
[White "Balogh,C"]
[Black "Kadimova,I"]
[Result "1-0"]
[WhiteElo "2617"]
[BlackElo "2339"]
[EventDate "2007.05.03"]

1. e4 c6 2. d4 d5 3. e5 Bf5 4. h4 h6 5. g4 Be4 6. f3 Bh7 7. e6 Qd6 8. exf7+
Kxf7 9. Bd3 Bxd3 10. Qxd3 Nd7 11. Ne2 e5 12. Nbc3 Re8 13. Be3 exd4 14. Bxd4
Ne5 15. Qf5+ Qf6 16. Qxf6+ Nxf6 17. Kf2 c5 18. Bxe5 Rxe5 19. Nf4 d4 20. h5
Rg8 21. Ng6 Re6 22. Ne2 Bd6 23. Nef4 Re3 24. c3 Rge8 25. cxd4 cxd4 26. Rac1
Nh7 27. Rhd1 Ng5 28. Rxd4 Rxf3+ 29. Kg2 Bb8 30. Rd7+ Kg8 31. Re1 Rf8 1-0

[Event "2nd President's Cup"]
[Site "Baku AZE"]
[Date "2007.05.04"]
[Round "2"]
[White "Bregadze,L"]
[Black "Fedorov,Alex"]
[Result "0-1"]
[WhiteElo "2302"]
[BlackElo "2611"]
[EventDate "2007.05.03"]

1. d4 Nf6 2. c4 g6 3. g3 Bg7 4. Bg2 c5 5. Nf3 Qa5+ 6. Nbd2 cxd4 7. Nxd4 Nc6
8. Nxc6 dxc6 9. O-O O-O 10. Ne4 Nxe4 11. Bxe4 Bh3 12. Bg2 Be6 13. Bd2 Qc5
14. b3 Bxa1 15. Qxa1 Rfd8 16. Be3 Qh5 17. Re1 Bh3 18. Bf3 Qf5 19. Bh6 f6
20. Qc3 g5 0-1

[Event "2nd President's Cup"]
[Site "Baku AZE"]
[Date "2007.05.04"]
[Round "2"]
[White "Gelashvili,T"]
[Black "Davidov,S"]
[Result "1-0"]
[WhiteElo "2605"]
[BlackElo "2326"]
[EventDate "2007.05.03"]

1. Nf3 d5 2. e3 Nf6 3. b3 c5 4. Bb2 Nc6 5. Bb5 Bg4 6. h3 Bh5 7. g4 Bg6 8.
d3 Qa5+ 9. Nc3 Nd7 10. Qd2 a6 11. Bxc6 bxc6 12. Nh4 e5 13. f4 Be7 14. Nxg6
hxg6 15. O-O-O d4 16. Na4 Qxd2+ 17. Kxd2 O-O-O 18. Ke2 Rde8 19. fxe5 Nxe5
20. exd4 cxd4 21. Bxd4 Bg5 22. Kf2 f5 23. gxf5 Bh4+ 24. Kg2 Rh5 25. Rhf1
Rg5+ 26. Kh1 gxf5 27. Nc3 Bg3 28. Bxe5 Rxe5 29. Rf3 Bh4 30. d4 Re8 31. d5
Bg3 32. dxc6 f4 33. b4 Rge5 34. Kg2 R5e6 35. Rfd3 Bh4 36. Nd5 Rxc6 37. c4
Re2+ 38. Kf3 Rf2+ 39. Kg4 Bd8 40. c5 Rg6+ 41. Kf5 Rg5+ 42. Ke4 Re2+ 43.
Kxf4 Rg6 44. Kf5 Rg5+ 45. Kf4 Rg6 46. a4 Re8 47. b5 Rge6 48. Rd4 Rf8+ 49.
Kg3 Bf6 50. Nb6+ Rxb6 51. cxb6 Bxd4 52. Rxd4 axb5 53. a5 Kb7 54. Rd7+ Kc6
55. Rc7+ 1-0

[Event "2nd President's Cup"]
[Site "Baku AZE"]
[Date "2007.05.04"]
[Round "2"]
[White "Bayramov,V"]
[Black "Malakhatko,V"]
[Result "0-1"]
[WhiteElo "2298"]
[BlackElo "2598"]
[EventDate "2007.05.03"]

1. d4 Nf6 2. Nf3 e6 3. Bg5 c5 4. e3 Nc6 5. c3 cxd4 6. exd4 Be7 7. Bd3 b6 8.
O-O Bb7 9. Qe2 a6 10. a4 O-O 11. Na3 Nd5 12. Bd2 Qc7 13. Nc4 f5 14. Nce5
Na5 15. Bc2 d6 16. Nd3 Rf6 17. Nf4 Nxf4 18. Bxf4 Rg6 19. Rfd1 Bd5 20. Ne1
Bc4 21. Bd3 Rc8 22. Bxc4 Qxc4 23. Qxc4 Nxc4 24. Nd3 h6 25. Rab1 Rf6 26. h4
Rff8 27. h5 Rfe8 28. b3 Na5 29. c4 d5 30. c5 bxc5 31. dxc5 Nb7 32. b4 a5
33. bxa5 Nxc5 34. Nxc5 Rxc5 35. a6 Ra5 36. Rb6 Bf6 37. Bb8 Rxa4 38. a7 Re7
39. Rdb1 Kf7 40. Rb7 Bd4 41. Rxe7+ Kxe7 42. Rb7+ Kf6 43. g3 Ra2 44. Kg2
Rxf2+ 45. Kh3 Ra2 46. Rd7 Bg1 47. g4 f4 48. g5+ hxg5 49. Kg4 Ra3 0-1

[Event "2nd President's Cup"]
[Site "Baku AZE"]
[Date "2007.05.04"]
[Round "2"]
[White "Burmakin,V"]
[Black "Velikhanli,F"]
[Result "1/2-1/2"]
[WhiteElo "2593"]
[BlackElo "2310"]
[EventDate "2007.05.03"]

1. d4 Nf6 2. g3 g6 3. Bg2 Bg7 4. c4 d6 5. Nf3 O-O 6. O-O Nbd7 7. Qc2 e5 8.
Rd1 exd4 9. Nxd4 Re8 10. b3 Nc5 11. Nc3 a5 12. Bb2 c6 13. h3 Qb6 14. e3 a4
15. Ba3 axb3 16. axb3 Ra6 17. b4 Rxa3 18. Rxa3 Qxb4 19. Qa2 Qb6 20. Ra8 Na6
21. Rb1 Qc7 22. Qb3 Nd7 23. Na4 Nac5 24. Nxc5 dxc5 25. Ne2 Ne5 26. Nc3 Rd8
27. Na4 Bf8 28. f4 Nxc4 29. Rxc8 Qxc8 30. Qxc4 b5 31. Qc2 bxa4 32. Qxa4 Qe6
33. Qe4 Qxe4 34. Bxe4 Re8 35. Bxc6 Rxe3 36. Kf2 Rd3 37. Bb5 Rd2+ 38. Ke3
Ra2 39. Kf3 1/2-1/2

[Event "2nd President's Cup"]
[Site "Baku AZE"]
[Date "2007.05.04"]
[Round "2"]
[White "Abdulov,Or"]
[Black "Guseinov,G"]
[Result "0-1"]
[WhiteElo "2271"]
[BlackElo "2586"]
[EventDate "2007.05.03"]

1. e4 c5 2. Nf3 Nc6 3. d4 cxd4 4. Nxd4 Nf6 5. Nc3 d6 6. Be3 g6 7. Be2 Bg7
8. O-O O-O 9. h3 Bd7 10. Qd2 Rc8 11. f4 a6 12. Nb3 b5 13. Bf3 b4 14. Nd5
Rb8 15. a3 Nxd5 16. exd5 Na5 17. Nxa5 Qxa5 18. Rfb1 Rfc8 19. axb4 Qxb4 20.
Qxb4 Rxb4 21. Rxa6 Bf6 22. Rb6 Rxb6 23. Bxb6 Rxc2 24. b4 Bb5 25. Bf2 Kg7
26. g3 h5 27. Bg2 Rd2 28. Be3 Rd3 29. Kf2 h4 30. g4 Bd4 31. Bxd4+ Rxd4 32.
Ke3 Rd3+ 33. Ke4 e6 34. f5 Rxd5 35. fxe6 fxe6 36. Rb2 Rd3 37. Bf1 d5+ 38.
Kf4 Rd4+ 39. Kg5 Bxf1 40. b5 Bxh3 41. Kxh4 Bxg4 42. b6 Be2+ 43. Kg3 Ba6 44.
Ra2 Rb4 45. Rxa6 Kf6 46. Kf3 g5 47. Kg3 Ke5 48. Kf3 Rb3+ 49. Kf2 g4 50. Kg2
0-1

[Event "2nd President's Cup"]
[Site "Baku AZE"]
[Date "2007.05.04"]
[Round "2"]
[White "Mamedov,Rau"]
[Black "Khotenashvili,B"]
[Result "1/2-1/2"]
[WhiteElo "2584"]
[BlackElo "2301"]
[EventDate "2007.05.03"]

1. e4 c6 2. d4 d5 3. Nd2 dxe4 4. Nxe4 Bf5 5. Nc5 Qc7 6. Nf3 Nf6 7. g3 e6 8.
Nb3 Nbd7 9. Bg2 Bd6 10. O-O O-O 11. c4 Rad8 12. Qe2 c5 13. Rd1 a6 14. Bg5
b6 15. dxc5 Bxc5 16. Nxc5 Qxc5 17. Be3 Qc8 18. b4 e5 19. h3 e4 20. Nd4 Ne5
21. Nxf5 Qxf5 22. g4 Qe6 23. Bd4 Rfe8 24. a3 Qxc4 25. Qxc4 Nxc4 26. Bxf6
Rxd1+ 27. Rxd1 gxf6 28. a4 Nb2 29. Rd7 Nxa4 30. Rb7 Re6 31. Bf1 Nb2 32. Be2
Rd6 33. Re7 Rd4 34. Bxa6 Rxb4 35. Bb7 1/2-1/2

[Event "2nd President's Cup"]
[Site "Baku AZE"]
[Date "2007.05.04"]
[Round "2"]
[White "Lomsadze,D"]
[Black "Rustemov,A"]
[Result "0-1"]
[WhiteElo "2268"]
[BlackElo "2557"]
[EventDate "2007.05.03"]

1. e4 e6 2. d4 d5 3. Nd2 dxe4 4. Nxe4 Bd7 5. Nf3 Bc6 6. Bd3 Nd7 7. O-O Ngf6
8. Qe2 Bxe4 9. Bxe4 Nxe4 10. Qxe4 c6 11. Bf4 Be7 12. Rfe1 O-O 13. c4 Qa5
14. Ne5 Rad8 15. Qe2 Nxe5 16. dxe5 Rd4 17. g3 Rfd8 18. b3 Bb4 19. Be3 R4d7
20. Red1 Qxe5 21. Rab1 Bd2 0-1

[Event "2nd President's Cup"]
[Site "Baku AZE"]
[Date "2007.05.04"]
[Round "2"]
[White "Mamedov,Nid"]
[Black "Mamedjarova,T"]
[Result "1-0"]
[WhiteElo "2547"]
[BlackElo "2293"]
[EventDate "2007.05.03"]

1. e4 e5 2. Nf3 d6 3. d4 exd4 4. Nxd4 Nf6 5. Nc3 Be7 6. Bf4 O-O 7. Qd2 Nc6
8. O-O-O Nxd4 9. Qxd4 Be6 10. f3 Nd7 11. Kb1 Bf6 12. Qd2 Ne5 13. Nd5 Bxd5
14. Qxd5 Qe7 15. Be2 Qe6 16. c3 Rab8 17. Qxe6 fxe6 18. Be3 Nc6 19. f4 b5
20. Kc2 a6 21. g4 g5 22. fxg5 Be5 23. Rhf1 Rxf1 24. Rxf1 Bxh2 25. Rf6 Nd8
26. g6 Be5 27. gxh7+ Kxh7 28. Rh6+ Kg8 29. Rh1 c6 30. g5 Rb7 31. Bg4 Rh7
32. Rh6 Rxh6 33. gxh6 Bf6 34. b4 Kh7 35. Bh5 c5 36. Be8 cxb4 37. cxb4 d5
38. exd5 exd5 39. Bd7 Kg6 40. Kb3 d4 41. Bd2 d3 42. a3 Be5 43. Ka2 Nb7 44.
Bh3 a5 45. Bg2 Nd6 46. bxa5 Nc4 47. a6 Bd4 48. Be4+ Kf7 49. h7 Nxd2 50.
h8=Q Bxh8 51. Bd5+ 1-0

[Event "2nd President's Cup"]
[Site "Baku AZE"]
[Date "2007.05.04"]
[Round "2"]
[White "Akhmedov,F"]
[Black "Savchenko,S"]
[Result "1/2-1/2"]
[WhiteElo "2265"]
[BlackElo "2545"]
[EventDate "2007.05.03"]

1. d4 d5 2. Nf3 Nf6 3. Bf4 c5 4. e3 Nc6 5. c3 Bg4 6. Nbd2 e6 7. Qa4 Nd7 8.
Bb5 Qb6 9. Ne5 Ndxe5 10. Bxe5 a6 11. Bxc6+ Qxc6 12. Qxc6+ bxc6 13. dxc5 f6
14. Bd6 Bxd6 15. cxd6 Kd7 16. b4 a5 17. Nb3 axb4 18. cxb4 Ra3 19. O-O Rha8
20. Rfc1 Rxa2 21. Rxa2 Rxa2 22. f3 Bh5 23. Na5 e5 24. Nxc6 Kxd6 25. Na5 Bg6
26. Nb7+ Kd7 27. Nc5+ Kd6 28. Nb7+ Kd7 1/2-1/2

[Event "2nd President's Cup"]
[Site "Baku AZE"]
[Date "2007.05.04"]
[Round "2"]
[White "Shanava,K"]
[Black "Rasulov,V"]
[Result "1/2-1/2"]
[WhiteElo "2532"]
[BlackElo "2271"]
[EventDate "2007.05.03"]

1. e4 c5 2. Nc3 Nc6 3. f4 g6 4. Nf3 Bg7 5. Bb5 e6 6. Bxc6 bxc6 7. e5 d5 8.
d3 f6 9. O-O Nh6 10. Na4 Qe7 11. b3 Nf7 12. Qe2 c4 13. dxc4 Ba6 14. Bb2
fxe5 15. Nxe5 Nxe5 16. fxe5 dxc4 17. Bd4 Bb5 18. Nc3 O-O-O 19. Nxb5 cxb5
20. c3 Qc7 21. a4 b4 22. Qg4 Rhe8 23. cxb4 Rxd4 24. Qxd4 Bxe5 25. Qxc4 Qxc4
26. bxc4 Bd4+ 27. Kh1 Bxa1 28. Rxa1 Rd8 29. Kg1 Rd2 30. Re1 Kd7 31. c5 Rd4
32. b5 Rxa4 33. c6+ Ke7 34. Rc1 Kd8 35. Rd1+ Kc8 36. Rd7 h5 37. Kf2 Rb4 38.
Rb7 Rb3 39. h4 e5 40. g3 e4 41. Rxa7 Rxb5 42. Rg7 Rf5+ 43. Ke2 Rf6 44. c7
Rc6 45. Kd2 Kb7 46. Re7 Rxc7 47. Rxe4 Kc8 48. Re6 Rg7 49. Re5 Kd7 50. Ra5
Ke6 51. Ke3 Rb7 52. Kf4 Rb4+ 53. Kf3 Kf6 1/2-1/2

[Event "2nd President's Cup"]
[Site "Baku AZE"]
[Date "2007.05.04"]
[Round "2"]
[White "Hasanov,Shakhr"]
[Black "Shengelia,D"]
[Result "0-1"]
[WhiteElo "2247"]
[BlackElo "2523"]
[EventDate "2007.05.03"]

1. e4 c5 2. Nf3 d6 3. d4 cxd4 4. Nxd4 Nf6 5. Nc3 Nc6 6. Bg5 e6 7. Qd2 Be7
8. O-O-O O-O 9. f4 Nxd4 10. Qxd4 Qa5 11. Bc4 Bd7 12. e5 dxe5 13. fxe5 Bc6
14. Bd2 Nd7 15. Nd5 Qd8 16. Nxe7+ Qxe7 17. Rhe1 Nb6 18. Bd3 Rfd8 19. Qg4
Rxd3 20. cxd3 Ba4 21. Kb1 Bxd1 22. Rxd1 Kh8 23. Bb4 Qd7 24. Bd6 Rc8 25. Rc1
Rxc1+ 26. Kxc1 h6 27. Kb1 Kg8 28. Qe4 f5 29. Qf3 Nd5 30. g4 Qc6 31. Qe2 Qb6
32. Qf1 f4 33. g5 hxg5 34. Qh3 Qg1+ 35. Kc2 Ne3+ 0-1